| 000 | 01600cam a2200253 4500 | ||
|---|---|---|---|
| 001 | ABS66546 | ||
| 008 | 030326n2003 000 0 eng u | ||
| 035 | _a(Sirsi) u121737 | ||
| 100 | _aMartin, J. | ||
| 245 | 2 | _aA stitch in time | |
| 260 | _c2003 | ||
| 490 |
_aEstates Gazette _v(0310) 8 March 2003, 161(1) |
||
| 520 | _aArgues that developers and local planning authorities (LPAs) must recognise environmental issues to avoid court action. Following several judicial decisions the ODPM issued guidance stressing that planning applications must be checked to gauge the need for an environmental impact assessment (EIA). However, in "Gillespie v SoS Environment and another" ([2003] EWHC 9 (Admin), [2003] 1 P&CR 475-503(29)) the SoS failed to take this advice and granted planning permission for a residential development on a contaminated former gasworks site without accepting the need for an EIA. The judge quashed the planning permission on the grounds that the SoS decision was "Wednesbury" unreasonable and the correct approach would have focused upon likely environmental effects. CA considered appeal as "Bellway Urban Renewal Southern v Gillespie". | ||
| 590 | _aABS | ||
| 650 | _aGILLESPIE V SOS ENVIRONMENT AND ANOTHER | ||
| 650 | _aBERKELEY V SOS ENVIRONMENT AND ANOTHER | ||
| 650 | _aENVIRONMENTAL IMPACT ASSESSMENTS | ||
| 650 | _aTOWN AND COUNTRY PLANNING (ENVIRONMENTAL IMPACT ASSESSMENT) REGULATIONS 1999 | ||
| 650 | _aENVIRONMENTAL EFFECTS | ||
| 650 | _aPLANNING APPLICATIONS | ||
| 690 |
_aPlanning and development _96259 |
||
| 700 | _aEdwards, M. | ||
| 942 | _n0 | ||
| 999 |
_c72350 _d72350 |
||